Избранные переводы (Запись № 13262302)

Подробности
000 -МАРКЕР
контрольное поле 02026nam0a2200373 4500
001 - ИДЕНТИФИКАТОР ЗАПИСИ
контрольное поле RU\NLR\BIBL_A\022365225
005 - ИДЕНТИФИКАТОР ВЕРСИИ
контрольное поле 20260406153407.0
010 ## - МЕЖДУНАРОДНЫЙ СТАНДАРТНЫЙ НОМЕР КНИГИ (ISBN)
Номер (ISBN) 978-5-96-76-0733-2
Тираж 1000
035 ## - ДРУГИЕ СИСТЕМНЫЕ НОМЕРА
Идентификатор записи (NLR Aleph) 022365225
100 ## - ДАННЫЕ ОБЩЕЙ ОБРАБОТКИ
Данные общей обработки 20241025d2015 |||y0rusy50 ca
101 2# - ЯЗЫК РЕСУРСА
Язык текста, звукозаписи и т.д. русский
102 ## - СТРАНА ПУБЛИКАЦИИ ИЛИ ПРОИЗВОДСТВА
Страна публикации Российская Федерация
105 ## - ПОЛЕ КОДИРОВАННЫХ ДАННЫХ: ТЕКСТОВЫЕ МАТЕРИАЛЫ, МОНОГРАФИЧЕСКИЕ
Кодированные данные о монографическом текстовом документе y z 000zy
181 #0 - ПОЛЕ КОДИРОВАННЫХ ДАННЫХ: ВИД СОДЕРЖАНИЯ
Код вида содержания (ISBD) i4
Код характеристики содержания (ISBD) axxe
182 #0 - ПОЛЕ КОДИРОВАННЫХ ДАННЫХ: ТИП СРЕДСТВА
Код типа средства (ISBD) n - непосредственное
200 1# - ЗАГЛАВИЕ И СВЕДЕНИЯ ОБ ОТВЕТСТВЕННОСТИ
Основное заглавие Избранные переводы
Сведения, относящиеся к заглавию поэзия. Драматургия. Проза
Первые сведения об ответственности Федор Сологуб
Последующие сведения об ответственности издание подготовила [составитель, автор вступительной статьи и комментария] А. Б. Стрельникова
-- редколлегия: О. Р. Демидова [и др.]
203 ## - ВИД СОДЕРЖАНИЯ И ТИП СРЕДСТВА
Вид содержания Текст
Дополнительные сведения об издании визуальный
Тип средства непосредственный
210 ## - ПУБЛИКАЦИЯ, РАСПРОСТРАНЕНИЕ И ДР.
Место издания, распространения и т.д. Санкт-Петербург
Имя издателя, распространителя и т. д. Петрополис
Дата издания, распространения и т.д. 2015
215 ## - ФИЗИЧЕСКАЯ ХАРАКТЕРИСТИКА
Специфическое обозначение материала и объем 537 с.
Размеры 21
225 1# - СЕРИЯ
Основное заглавие серии Корифеи художественного перевода
Наименование части Петербургская школа
320 ## - ПРИМЕЧАНИЯ О НАЛИЧИИ В ДОКУМЕНТЕ БИБЛИОГРАФИИ / УКАЗАТЕЛЯ
Текст примечания Библиогр.: с. 482–496
327 1# - ПРИМЕЧАНИЯ О СОДЕРЖАНИИ
Текст примечания На пер. содерж. авт. ориг.: Поль Верлен, Шарль Бодлер, Аоюр Рембо, Стефан Малларме, Морис Метерлинк, Франсуа-Мари Аруэ Вольтер, Оноре Де Бальзак, Теофиль Готье, Ги Де Мопассан, Оскар Уайльд [и др.]
686 2# - ИНДЕКСЫ ДРУГИХ КЛАССИФИКАЦИЙ
Индекс Ш6(2=Р)53-57
686 1# - ИНДЕКСЫ ДРУГИХ КЛАССИФИКАЦИЙ
Индекс Ш6(0)я43{Лх150}
700 #1 - ИМЯ ЛИЦА - ПЕРВИЧНАЯ ОТВЕТСТВЕННОСТЬ
Графика поля Кириллица
Материалы, к которым относится поле rus
Начальный элемент ввода Сологуб
Часть имени, кроме начального элемента ввода Ф. К.
Даты 1863-1927
Расширение инициалов личного имени Федор Кузьмич
Системный номер авторитетной/нормативной записи 116304
Идентификатор авторитетной/нормативной записи RU\NLR\AUTH\776350
702 #1 - ИМЯ ЛИЦА - ВТОРИЧНАЯ ОТВЕТСТВЕННОСТЬ
Начальный элемент ввода Стрельникова
Часть имени, кроме начального элемента ввода А. Б.
Расширение инициалов личного имени Анна Борисовна
Код отношения Составитель
702 #1 - ИМЯ ЛИЦА - ВТОРИЧНАЯ ОТВЕТСТВЕННОСТЬ
Код отношения Редактор
Графика поля Кириллица
Материалы, к которым относится поле rus
Начальный элемент ввода Демидова
Часть имени, кроме начального элемента ввода О. Р.
Расширение инициалов личного имени Ольга Ростиславовна
Системный номер авторитетной/нормативной записи 117436
Идентификатор авторитетной/нормативной записи RU\NLR\AUTH\777503
942 ## - ДОПОЛНИТЕЛЬНЫЕ ЭЛЕМЕНТЫ ЗАПИСИ (АБИС)
Тип экземпляра АБИС Книга
980 ## - КОЛЛЕКЦИЯ
Название коллекции Национальная библиография
Экземпляры
Тип экземпляра Дата поступления Источник поступления Стоимость Библиотека постоянного хранения Библиотека текущего хранения Место хранения Шифр хранения Штрих-код Статус экземпляра
Книга 25.10.2024 Покупка СТ 669.00 РНБ (Московский) РНБ (Московский) Русский книжный фонд: издания с 1957 года 2024-3/20302 1-4727198